000 00310nam a2200121Ia 4500
008 240731s9999 xx 000 0 und d
022 _a1549-9219
245 0 _aConflict Management and Peace Science
260 _bRoutledge
856 _uhttps://www.tandfonline.com/loi/ucmp20
942 _2ddc
942 _cTFEJ
999 _c76038
_d76038
945 _a1
_bMadushi Gamage
_c1
_dMadushi Gamage